| 000 | 00654nam a2200217Ii 4500 | ||
|---|---|---|---|
| 003 | JO-AjNU | ||
| 008 | 230606s9999||||xx |||||||||||||| ||und|| | ||
| 020 | _a978-13-800-965-2 | ||
| 040 |
_aJO-AjNU _beng _erda _cJO-AjNU |
||
| 041 | _aeng | ||
| 050 | 1 | 4 | _aTA403.M246 2011 |
| 100 | 3 |
_aMamlouk, Micheal/John Zaniewski, _eauthor _94705 |
|
| 245 | 0 | 0 | _aMaterials for civil and construction Engineers |
| 250 | _a3 ed | ||
| 264 | 3 | 1 | _aLondon :pearson , 2011 |
| 300 | _a600p | ||
| 336 |
_atext _btxt _2rdacontent |
||
| 337 |
_aunmediated _bn _2rdamedia |
||
| 338 |
_avolume _bnc _2rdacarrier |
||
| 650 | 4 |
_aMaterials for civil - construction Engineers _94706 |
|
| 999 |
_aE2438 _c2436 _d2436 |
||